| 000 | 00991nam a2200265Ia 4500 | ||
|---|---|---|---|
| 003 | OSt | ||
| 005 | 20221005111228.0 | ||
| 006 | a|||||r|||| 00| 0 | ||
| 007 | ta | ||
| 008 | 221004b |||||||| |||| 00| 0 hin d | ||
| 020 |
_a818143451X (hbk) _c850 |
||
| 024 | _a17808 | ||
| 037 |
_b524, 21/03/2015, Vani Prakashan _cTextual |
||
| 040 |
_aCRL _cCRL _bhin |
||
| 041 |
_2hin _ahin |
||
| 082 | _a4,42, 152P6 | ||
| 100 | _aपचौरी, सुधीश | ||
| 245 | 0 | _aटेलीविजन समीक्षा सिद्धान्त और व्यवहार | |
| 246 | _aṬelīvijan samīkṣhā siddhānta aur vyavahāra | ||
| 260 |
_aनई दिल्ली _bवाणी प्रकाशन भारत _c2006 |
||
| 300 |
_a309पृ0 _ccm. |
||
| 650 | _aहिन्दी पत्रकारिता | ||
| 942 |
_h4,42, 152P6 _cTEXL _2cc |
||
| 999 |
_c1021205 _d1021205 |
||